00525nam a2200205 a 4500001001300000003000900013005001700022008004100039020001000080082001800090100002400108245003700132260003000169300001000199500003500209505001700244650001600261650001800277700002400295nice12345678IN_TiNIC20260116012411.0050524s1980 leia grp 000 0 eng  ac10000a297.0954bSCH aSchimmel, Annemarie aIslam in the Indian Subcontinent aLeidenbE. J. Brillc1980 a303p. aincludes index and biblioraphy2 abibliography aIslam-India aIslam-History1 aSchimmel, Annemarie